Material Culture

محفوظ في:

التنسيق: دورية

اللغة: Undetermined

منشور في: JSTOR
International Society for Landscape, Place & Material Culture

الموضوعات:

الوصول للمادة أونلاين: Login to view Source

الوسوم: إضافة وسم

لا توجد وسوم, كن أول من يضع وسما على هذه التسجيلة!

رقم الطلب:

LEADER 00628nas a2200205Ia 4500
008 220214c99999999xx |||||||||||| ||und||
022 |a 0883-3680 
022 |a 2328-3750 
245 0 0 |a Material Culture 
264 1 |b JSTOR 
264 1 |b International Society for Landscape, Place & Material Culture 
362 0 |a Vol. 16(1984)-49 (2017) 
653 1 0 |a Area Studies 
653 1 0 |a Cultural Studies 
653 1 0 |a History 
653 1 0 |a Social Sciences 
856 4 0 |u https://www.jstor.org/journal/materialculture 
942 |c JL 
952 |0 0  |1 0  |4 0  |7 1  |9 36140  |a JSR  |b JSR  |d 2022-02-14  |l 0  |r 2022-02-14 00:00:00  |w 2022-02-14  |y JL 
999 |c 44473  |d 44473